Stranger Things Trivia #H - Statistics

General Stats
  • This quiz has been taken 39 times
  • The average score is 10 of 15
Answer Stats
Hint Answer % Correct
Small midwestern town, where strange things happen Hawkins
97%
Chief of police Jim Hopper
97%
Youngest of the Wheeler siblings Holly
94%
Steve "The __" Harrington Hair
91%
The __ __ was a Dungeons & Dragons-oriented society of students headed by Eddie Munson. Hellfire Club
84%
Robin Buckleys actress (surname) Maya Hawke
72%
Lifeguard co-worker of Billy Heather Holloway
69%
The Mindflayer, Will, Demogorgons, Demobats, etc. share a __ __ Hive Mind
66%
Jonathan Byers actor (surname) Charlie Heaton
63%
His actor David Harbour
63%
According to Will, Mike is the __ of the group Heart
59%
What Steve calls Dustin Henderson
56%
Eleven learns that a compromise means, being __ __ Halfway happy
34%
Warden of Pennhurst Mental Hopsital Anthony Hatch
6%
Name of "Unknown Hero Agent Man"; bodyguard of Will, Mike and Jonathan Harmon
3%
No matching quizzes found
Score Distribution
Percent of People with Each Score
Percentile by Number Answered
Your Score History
You have not taken this quiz